LEADER 03054nam0 2200457 i 450 001 BVEE045687 005 20170908093224.0 012 $aexs- 3.t. t.a- reli (3) 1617 (R)$2fei 100 $a20050127d1617 ||||0itac50 ba 101 | $alat 102 $ade 181 1$6z01$ai $bxxxe 182 1$6z01$an 200 1 $a˜Sancti Isidori Hispalensis episcopi, œOpera omnia quae extant: partim aliquando virorum doctissimorum laboribus edita, partim nunc primùm exscripta, & ad vetustissima Pauli Petauij, ... accuratiùs quam antea emendata: per fratrem Iacobum Du Breul ... 205 $aEditio postrema auctior & correctior. Indices auctoritatum Sacrae Scripturae, ... ad calcem totius operis habentur 210 $aColoniae Agrippinae$csumptibus Antonij Hierat, bibliopolae sub signo Gryphi$d1617 215 $a\\28], 631, \\65] p.$d2º 300 $aMarca non controllata (In cornice figurata: Grifone con scudo e monogramma. Virtute duce comite fortuna) sul front 300 $aSegn.: †⁶ 2†⁸ A-3M⁶ 300 $aFront. stampato in rosso e nero. 316 $a1 v. - Timbro BR Neapolis sul front.$5IT-NA0079, SALA FARN.07. G 0022 517 1 $aSancti Isidori Hispalensis episcopi, opera omnia quae extant: partim aliquando virorum doctissimorum laboribus edita, ...$9BVEE045688 620 $dColonia$3RMLL000779 700 0$aIsidorus : Hispalensis$c $3CFIV084639$4070$0714440 702 1$aDu Breul$b, Jacques$f <1528-1614>$3BVEV094941 712 02$aHierat, Anton$d <1.>$3BVEV025695$4650 790 0$aIsidoro : di Siviglia$c $3CFIV051610$zIsidorus : Hispalensis 790 0$aIsidorus Hispalensis$c $3CFIV055797$zIsidorus : Hispalensis 790 0$aIsidoro$c $3MILV127253$zIsidorus : Hispalensis 790 0$aIsidoro : de Sevilla$3PUVV164390$zIsidorus : Hispalensis 791 02$aHieratus, Antonius$3MILV266581$zHierat, Anton <1.> 801 3$aIT$bIT-NA0079$c20050127 850 $aIT-NA0079 899 1$aBiblioteca Nazionale Vittorio Emanuele III$bNA0079$eS$uhttp://books.google.com/books?vid=IBNN:BNANT001740370 912 $aBVEE045687 921 $aSBNM000001$bMarca non controllata$cS2$dSul front. 950 0$aBiblioteca Nazionale Vittorio Emanuele III$b1 v. - Timbro BR Neapolis sul front.$c1 v. - Timbro BR Neapolis sul front.$d BNSALA FARN.07. G 0022$e BNANT0017403705 B 1 v. - Timbro BR Neapolis sul front.$fC $h20050127$i20050127 956 $aBiblioteca Nazionale Vittorio Emanuele III$b1$c$d$eBNANT001740370$uhttp://books.google.com/books?vid=IBNN:BNANT001740370$z BNSALA FARN.07. G 0022 977 $a BN 996 $aOpera omnia quae extant: partim aliquando virorum doctissimorum laboribus edita, partim nunc primùm exscripta, & ad vetustissima Pauli Petauij, ... accuratiùs quam antea emendata: per fratrem Iacobum Du Breul ..$91481754 997 $aUNISANNIO